[Event "ICS rated blitz match"]
[Site "204.178.125.65"]
[Date "2000.01.29"]
[Round "?"]
[White "Hossa"]
[Black "Brookie"]
[Result "1-0"]
[WhiteElo "2384"]
[BlackElo "1992"]
[PlyCount "57"]

1. e4 e5 2. Nc3 Nf6 3. Bc4 Bc5 4. Nf3 d6 5. d3 h6 6. Na4 Bb6 7. Nxb6 axb6 8.
Bb3 Bg4 9. O-O Nc6 10. Be3 O-O 11. h3 Bh5 12. c3 d5 13. exd5 Nxd5 14. Bc4 Qd6
15. Qe2 Nf4 16. Bxf4 exf4 17. Rfe1 Rfe8 18. Qxe8+ Rxe8 19. Rxe8+ Kh7 20. Nd2 f3
21. g4 Bg6 22. Nxf3 Na5 23. Re3 Nxc4 24. dxc4 h5 25. Rae1 hxg4 26. hxg4 Qf4 27.
Ne5 f6 28. Rh3+ Kg8 29. Rh8+ 1-0

[Event "ICS rated blitz match"]
[Site "204.178.125.65"]
[Date "2000.01.29"]
[Round "?"]
[White "Hossa"]
[Black "Brookie"]
[Result "1-0"]
[WhiteElo "2387"]
[BlackElo "2007"]
[PlyCount "53"]

1. e4 e5 2. Nc3 Nf6 3. Bc4 Bc5 4. Nf3 d6 5. d3 h6 6. Na4 Nc6 7. Nxc5 dxc5 8.
Bb5 Qd6 9. Bxc6+ bxc6 10. O-O Be6 11. h3 O-O 12. b3 Nd7 13. Be3 a5 14. Nh4 a4
15. Qh5 Nf6 16. Qf3 Ra6 17. Bxh6 Rfa8 18. Qg3 Nh5 19. Qg5 Bxh3 20. Qxh5 g6 21.
Nxg6 Qxg6 22. Qxh3 axb3 23. cxb3 Rxa2 24. Rac1 Rb2 25. Rxc5 Rxb3 26. Rfc1 Ra2
27. Rxc6 1-0

[Event "ICS rated bullet match"]
[Site "204.178.125.65"]
[Date "2000.01.29"]
[Round "?"]
[White "JSBach"]
[Black "Hossa"]
[Result "1-0"]
[WhiteElo "2045"]
[BlackElo "2444"]
[PlyCount "139"]

1. d4 e6 2. Bf4 d5 3. Nf3 Bd6 4. Qd2 Nf6 5. Nc3 O-O 6. O-O-O Bb4 7. Qd3 c5 8.
dxc5 Na6 9. c6 bxc6 10. Be5 Ng4 11. Qd4 Nxe5 12. Nxe5 Bb7 13. e4 Qg5+ 14. f4
Qxf4+ 15. Kb1 c5 16. Ne2 Qf6 17. Nd7 Qe7 18. Qe5 Qxd7 19. Ng3 f6 20. Qh5 Nc7
21. exd5 exd5 22. Bd3 g6 23. Qh6 Rae8 24. c3 Ba5 25. Rhf1 Qg4 26. Rf3 d4 27.
Bc4+ Ne6 28. Rfd3 Bxg2 29. cxd4 cxd4 30. Rxd4 Qf3 31. Bd5 Qf2 32. Bxe6+ Kh8 33.
Rh4 Be4+ 34. Nxe4 Qxh4 35. Qxh4 Rxe6 36. Rd7 h5 37. Rxa7 Bb6 38. Rd7 f5 39. Ng5
Rc6 40. Nf7+ Rxf7 41. Rxf7 Re6 42. a4 Kg8 43. Rd7 Kf8 44. b4 Ke8 45. Rd1 Re4
46. Re1 Be3 47. Qxe4+ fxe4 48. Rxe3 Kd7 49. Rxe4 Kc6 50. Re6+ Kd5 51. a5 Kxe6
52. a6 Kd5 53. a7 Kc4 54. a8=Q Kxb4 55. Qe4+ Kb3 56. h3 h4 57. Qxh4 Kc3 58. Ka2
Kd3 59. Qf4 Kc3 60. h4 Kd3 61. Kb3 Ke2 62. Qe4+ Kf2 63. Qxg6 Kf3 64. h5 Kf4 65.
h6 Ke5 66. h7 Kd4 67. h8=Q+ Ke3 68. Qe5+ Kf2 69. Qgg3+ Kf1 70. Qb5# 1-0

[Event "ICS rated blitz match"]
[Site "204.178.125.65"]
[Date "2000.01.29"]
[Round "?"]
[White "Hossa"]
[Black "Zippy"]
[Result "1-0"]
[WhiteElo "2383"]
[BlackElo "2241"]
[PlyCount "65"]

1. d4 Nf6 2. Bg5 g6 3. c4 Ne4 4. Bf4 e5 5. dxe5 Bb4+ 6. Nd2 d5 7. Rc1 Nc6 8.
Ngf3 Be6 9. a3 Nxd2 10. Nxd2 Bxd2+ 11. Qxd2 dxc4 12. Qxd8+ Rxd8 13. e3 Bd5 14.
Bg5 Rd7 15. Bf6 Rf8 16. f3 b5 17. Be2 Be6 18. a4 Nb4 19. axb5 Nd3+ 20. Bxd3
cxd3 21. Kd2 Bb3 22. Ra1 c5 23. bxc6 Rc7 24. Ra5 h6 25. Rha1 Rxc6 26. Rxa7 Rc8
27. Re7+ Kd8 28. Raa7 Rc2+ 29. Kxd3 Bc4+ 30. Kxc2 Be6 31. Rxf7+ Ke8 32. Rae7+
Kd8 33. Rxf8# 1-0

[Event "ICS rated blitz match"]
[Site "204.178.125.65"]
[Date "2000.01.29"]
[Round "?"]
[White "Zippy"]
[Black "Hossa"]
[Result "1/2-1/2"]
[WhiteElo "2231"]
[BlackElo "2393"]
[PlyCount "62"]

1. e4 e5 2. Nf3 Nc6 3. d4 exd4 4. Bc4 Nf6 5. e5 Ng4 6. Bxf7+ Kxf7 7. Ng5+ Kg8
8. Qxg4 h6 9. Nf3 d6 10. Qe4 dxe5 11. Nxe5 Qe8 12. f4 Bd6 13. O-O Nxe5 14. fxe5
Qxe5 15. Qxe5 Bxe5 16. Bf4 Bxf4 17. Rxf4 c5 18. Na3 Bd7 19. Raf1 Re8 20. b4 g5
21. Rf7 cxb4 22. Rxd7 bxa3 23. Rff7 Re1+ 24. Kf2 Re3 25. c3 Rxc3 26. Rg7+ Kf8
27. Rgf7+ Ke8 28. Rfe7+ Kf8 29. Rf7+ Ke8 30. Rfe7+ Kf8 31. Rf7+ Kg8 1/2-1/2

[Event "ICS rated blitz match"]
[Site "204.178.125.65"]
[Date "2000.01.29"]
[Round "?"]
[White "Hossa"]
[Black "Zippy"]
[Result "0-1"]
[WhiteElo "2386"]
[BlackElo "2238"]
[PlyCount "162"]

1. e4 e5 2. Nf3 Nc6 3. Bb5 a6 4. Ba4 Nf6 5. d3 d6 6. O-O b5 7. Bb3 Na5 8. Nc3
Be7 9. d4 exd4 10. Qxd4 c5 11. Qd2 c4 12. Nd5 Nxd5 13. Qxd5 Be6 14. Qh5 cxb3
15. axb3 O-O 16. Rd1 Nc6 17. Be3 f5 18. Ng5 Bxg5 19. Bxg5 Qc7 20. Bf4 Ne5 21.
Qe2 Kh8 22. b4 fxe4 23. Bxe5 dxe5 24. Rd2 Qe7 25. Qxe4 Bf5 26. Qc6 Qxb4 27. c3
Qf4 28. Qd6 Rfe8 29. Rad1 Qg5 30. Qd5 Be6 31. Qe4 Bb3 32. h4 Qf4 33. Qxf4 exf4
34. Ra1 Re7 35. Ra5 g6 36. Kh2 Re1 37. Ra3 Be6 38. Ra5 Kg7 39. Rd6 Kf6 40. b4
Rc1 41. Rc6 Rc2 42. f3 Ke5 43. Rc5+ Bd5 44. Ra1 Rd2 45. Kh3 Kf6 46. Kg4 Rxg2+
47. Kxf4 Ke6 48. Ke3 Kd6 49. f4 Re8+ 50. Kd3 Bc4+ 51. Rxc4 bxc4+ 52. Kxc4 Re4+
53. Kb3 Rxf4 54. Rxa6+ Kd5 55. h5 Rff2 56. c4+ Kd4 57. Rd6+ Ke5 58. Rd7 Rb2+
59. Ka4 gxh5 60. Rxh7 Rg5 61. Ka3 Rb1 62. Rd7 Rg3+ 63. Ka2 Rxb4 64. Rd5+ Ke4
65. Rxh5 Kd4 66. Rh1 Kxc4 67. Rh7 Ra4+ 68. Kb1 Rg1+ 69. Kb2 Rg2+ 70. Kb1 Rg3
71. Rh4+ Kb3 72. Rh1 Rag4 73. Kc1 Kc3 74. Kd1 Kd3 75. Ke1 Rf3 76. Kd1 Rc4 77.
Rg1 Rc5 78. Re1 Rf2 79. Re2 Rf1+ 80. Re1 Rb5 81. Rxf1 Rb1# 0-1

[Event "ICS rated blitz match"]
[Site "204.178.125.65"]
[Date "2000.01.29"]
[Round "?"]
[White "Hossa"]
[Black "BugChess"]
[Result "1-0"]
[WhiteElo "2364"]
[BlackElo "2373"]
[PlyCount "74"]

1. e4 e5 2. Nf3 Nc6 3. Bb5 a6 4. Ba4 Nf6 5. O-O Nxe4 6. d4 b5 7. Bb3 d5 8. dxe5
Be6 9. Be3 Nc5 10. Bg5 Be7 11. Bxe7 Nxe7 12. Nc3 c6 13. Qd4 Qb6 14. Qh4 Nf5 15.
Qh5 b4 16. Na4 Nxa4 17. Bxa4 O-O 18. Rfd1 f6 19. Rd2 g6 20. Qg4 Rae8 21. exf6
Rxf6 22. Re1 Rff8 23. Rde2 Rf6 24. Re5 Qc5 25. Ng5 Ng7 26. Qh4 Qxf2+ 27. Qxf2
Rxf2 28. Kxf2 Bd7 29. Re7 Rf8+ 30. Nf3 Be8 31. Rc7 Nf5 32. Bxc6 Bxc6 33. Rxc6
Nd4 34. Rc7 Nxf3 35. gxf3 Rf7 36. Re8+ Kg7 37. Rxf7+ Kxf7 1-0

[Event "ICS rated standard match"]
[Site "204.178.125.65"]
[Date "2000.01.29"]
[Round "?"]
[White "Varguz"]
[Black "Hossa"]
[Result "1-0"]
[WhiteElo "2651"]
[BlackElo "2194"]
[PlyCount "107"]
[EventDate "2000.??.??"]

1. d4 d5 2. c4 c6 3. Nf3 Nf6 4. cxd5 cxd5 5. Nc3 Nc6 6. Bf4 e6 7. e3 Bb4 8. Bb5
Qa5 9. O-O Bxc3 10. Bxc6+ bxc6 11. bxc3 Ba6 12. Re1 O-O 13. Qb3 Ne4 14. Ne5
Rfb8 15. Qxb8+ Rxb8 16. Nxc6 Qb6 17. Nxb8 Bd3 18. Nd7 Qb2 19. Ne5 Qxf2+ 20. Kh1
Qd2 21. Nxd3 Qxd3 22. Rab1 g5 23. Bb8 a5 24. h4 gxh4 25. Be5 f6 26. Bf4 Qd2 27.
Rb8+ Kg7 28. Rg1 Qxa2 29. Rgb1 Kg6 30. Kh2 Nxc3 31. Rg8+ Kf7 32. Rbb8 Ne4 33.
Rbf8+ Ke7 34. Ra8 e5 35. dxe5 fxe5 36. Bxe5 Ke6 37. Rae8+ Kd7 38. Ra8 Kc6 39.
Rgc8+ Kd7 40. Rc7+ Ke6 41. Re8+ Kf5 42. Rf7+ Kg6 43. Rg7+ Kh5 44. Rxh7+ Kg4 45.
Rf7 Kh5 46. Rg8 Ng5 47. Rf5 Kh6 48. Rfxg5 d4 49. R8g6+ Kh7 50. Rg7+ Kh6 51. Bf4
Qe6 52. R5g6+ Kh5 53. Rxe6 d3 54. Rh6# 1-0

[Event "ICS rated standard match"]
[Site "204.178.125.65"]
[Date "2000.01.29"]
[Round "?"]
[White "PostModernist"]
[Black "Hossa"]
[Result "1-0"]
[WhiteElo "2446"]
[BlackElo "2192"]
[PlyCount "89"]

1. d4 d5 2. Nf3 e6 3. c4 dxc4 4. e3 b5 5. Nc3 Ba6 6. Ne5 Nd7 7. Nc6 Qf6 8. a4
b4 9. Nb5 Bxb5 10. axb5 Nb6 11. Be2 b3 12. Bf3 Qh4 13. Nxa7 Bb4+ 14. Kf1 Nd5
15. g3 Qe7 16. e4 Nb6 17. e5 Nd5 18. Be3 Qd7 19. Nc6 Rxa1 20. Qxa1 Be7 21. Qc1
Bd8 22. Qxc4 Nge7 23. Nxd8 Qxd8 24. Qxb3 O-O 25. Ke2 Qc8 26. Bxd5 Nxd5 27. Qc4
f6 28. Qc6 fxe5 29. dxe5 Nb4 30. Qc4 Nd5 31. Bc5 Rf5 32. f4 Qe8 33. h4 Qh5+ 34.
Kd2 Qf3 35. Rg1 Kf7 36. Qa4 Nf6 37. Kc1 Qd5 38. Ba7 Nh5 39. Rd1 Qf3 40. b6 Qe3+
41. Kb1 cxb6 42. g4 Qxf4 43. Qd7+ Kf8 44. Rc1 Qxc1+ 45. Kxc1 1-0

[Event "ICS rated blitz match"]
[Site "204.178.125.65"]
[Date "2000.01.30"]
[Round "?"]
[White "inmichess"]
[Black "Hossa"]
[Result "1-0"]
[WhiteElo "2445"]
[BlackElo "2385"]
[PlyCount "67"]

1. e4 e5 2. Nf3 Nc6 3. c3 Nf6 4. d4 Nxe4 5. d5 Bc5 6. Be3 Bxe3 7. fxe3 Ne7 8.
Nxe5 O-O 9. Qd4 Nf6 10. e4 d6 11. Nc4 Re8 12. Be2 Nexd5 13. exd5 Qe7 14. O-O
Qxe2 15. Nbd2 Ng4 16. Qf4 Re7 17. Qg3 Ne5 18. Rae1 Qh5 19. Rf4 Ng6 20. Rxe7
Nxe7 21. Qe3 g5 22. Qxe7 gxf4 23. Qxc7 Qxd5 24. Qd8+ Kg7 25. Nxd6 Qe5 26. Nf3
Qc5+ 27. Kh1 Rb8 28. Qe7 b6 29. Qxf7+ Kh6 30. Qf6+ Kh5 31. Nf7 Qg1+ 32. Nxg1 h6
33. Qxh6+ Kg4 34. Qh3# 1-0

[Event "ICS Rated standard match"]
[Site "204.178.125.65"]
[Date "2000.01.30"]
[Round "?"]
[White "RedBear"]
[Black "Hossa"]
[Result "1-0"]
[WhiteElo "2324"]
[BlackElo "2186"]
[PlyCount "77"]

1. e4 c5 2. c3 d5 3. exd5 Qxd5 4. d4 Nf6 5. Nf3 e6 6. Na3 Qd8 7. Nc2 cxd4 8.
Ncxd4 Be7 9. Bd3 O-O 10. O-O Nbd7 11. Re1 Nc5 12. Bc2 Bd7 13. b4 Na6 14. Bg5 h6
15. Bxf6 Bxf6 16. Qd3 g6 17. Ne5 Qc7 18. Nxg6 fxg6 19. Qxg6+ Bg7 20. Qh7+ Kf7
21. Re3 Rg8 22. Nxe6 Bxe6 23. Qg6+ Kf8 24. Qxe6 Be5 25. Rf3+ Bf4 26. Qxh6+ Ke8
27. Re1+ Qe7 28. Rxe7+ Kxe7 29. Qh7+ Kd8 30. Rd3+ Kc8 31. Qxg8+ Kc7 32. Qg7+
Kb6 33. Qf6+ Kc7 34. Qe7+ Kc6 35. Ba4+ b5 36. Qd7+ Kb6 37. Qxb5+ Kc7 38. Rd7+
Kc8 39. Qb7# 1-0

[Event "ICS rated blitz match"]
[Site "204.178.125.65"]
[Date "2000.01.30"]
[Round "?"]
[White "Hossa"]
[Black "AnatKarp"]
[Result "0-1"]
[WhiteElo "2372"]
[BlackElo "2242"]
[PlyCount "192"]

1. e4 c5 2. Nf3 Nc6 3. d4 cxd4 4. Nxd4 e6 5. Nc3 Qc7 6. Be2 a6 7. Nxc6 Qxc6 8.
O-O Bb4 9. Qd4 Bxc3 10. bxc3 Nf6 11. e5 Nd5 12. c4 Ne7 13. Rd1 Nf5 14. Qc3 O-O
15. Ba3 Rd8 16. Rab1 Nh4 17. f3 Re8 18. Bd3 a5 19. Be4 Qa6 20. Rd6 Qa7+ 21.
Rdb6 Kh8 22. Bc5 Nf5 23. g4 Nh4 24. Qd4 Qb8 25. Rxb7 Bxb7 26. Rxb7 Qc8 27. Rxd7
Rd8 28. Rd6 Rb8 29. Bb6 Re8 30. c5 Qa6 31. c4 Qc8 32. Qc3 Ng6 33. Kh1 Rf8 34.
Qd4 Kg8 35. Bxa5 Nh4 36. Rd7 Qa6 37. Qc3 Rfc8 38. Rd6 Qa7 39. Qe1 Ng6 40. Bxg6
hxg6 41. Bb6 Qxa2 42. Qf1 Qb2 43. f4 Ra8 44. Qg1 g5 45. fxg5 Qxe5 46. Rd1 Ra2
47. Qg3 Qxg5 48. c6 Rxc6 49. Be3 Qa5 50. Qb8+ Kh7 51. c5 Qa4 52. Qb1+ Qc2 53.
Qxc2+ Rxc2 54. Bg1 Rc7 55. Re1 Kg6 56. Rd1 Ra7 57. Re1 Ra4 58. h3 Ra8 59. Bd4
Rd8 60. Be3 Rh8 61. g5 Rxh3+ 62. Kg1 Rhh2 63. Bf4 Rcg2+ 64. Kf1 Rf2+ 65. Kg1
Rhg2+ 66. Kh1 Kf5 67. Be3 Re2 68. Rb1 Ke4 69. Bc1 Rh2+ 70. Kg1 Reg2+ 71. Kf1
Ra2 72. Kg1 Rhc2 73. c6 f5 74. gxf6 gxf6 75. Bh6 Rg2+ 76. Kf1 Rh2 77. Re1+ Kf3
78. Re3+ Kg4 79. Kg1 Rxh6 80. c7 Rc2 81. Ra3 Rxc7 82. Ra4+ Kf5 83. Kg2 e5 84.
Ra1 Rg7+ 85. Kf3 Rh3+ 86. Ke2 Rg2+ 87. Kf1 Rc2 88. Kg1 Rhh2 89. Ra4 e4 90. Rb4
Rcg2+ 91. Kf1 e3 92. Rb3 e2+ 93. Ke1 Rh1+ 94. Kd2 e1=Q+ 95. Kd3 Qe4+ 96. Kc3
Rc1# 0-1

[Event "ICS rated blitz match"]
[Site "204.178.125.65"]
[Date "2000.01.30"]
[Round "?"]
[White "Hossa"]
[Black "AnatKarp"]
[Result "0-1"]
[WhiteElo "2350"]
[BlackElo "2264"]
[PlyCount "138"]

1. e4 e6 2. d4 d5 3. Nc3 dxe4 4. Nxe4 Nd7 5. Nf3 Ngf6 6. Nxf6+ Nxf6 7. Bd3 Bd6
8. O-O O-O 9. Re1 c5 10. Be3 Ng4 11. Bxh7+ Kxh7 12. Ng5+ Kg6 13. Qxg4 f5 14.
Qf3 f4 15. Nxe6 Bxe6 16. Bxf4 Bxf4 17. Rxe6+ Kh7 18. Qh5+ Kg8 19. d5 Qg5 20.
Qxg5 Bxg5 21. Rae1 Rf4 22. c3 Rd8 23. R6e5 Bf6 24. Re8+ Kf7 25. Rxd8 Bxd8 26.
Re3 Ra4 27. a3 c4 28. Re4 Ra5 29. Rd4 Ke7 30. d6+ Ke6 31. Rxc4 Rd5 32. Kf1 Kxd6
33. Ke2 Re5+ 34. Kf1 Bb6 35. Rc8 a6 36. Rf8 Re7 37. h4 Kd5 38. h5 Bc7 39. g4
Kc4 40. g5 Kb3 41. c4 Kxb2 42. Rf3 Be5 43. a4 Rc7 44. h6 gxh6 45. gxh6 Rxc4 46.
a5 Rh4 47. Rf7 Rxh6 48. Rxb7+ Kc3 49. Re7 Bd4 50. Ke2 Rh5 51. Rc7+ Rc5 52. Rh7
Re5+ 53. Kf3 Rxa5 54. Ke4 Bxf2 55. Rh3+ Kc4 56. Rh1 Bd4 57. Rc1+ Bc3 58. Rc2
Re5+ 59. Kf4 a5 60. Rf2 a4 61. Rc2 Kb3 62. Rh2 a3 63. Rh7 a2 64. Kg3 a1=Q 65.
Rb7+ Kc2 66. Rb1 Qxb1 67. Kf3 Qg1 68. Kf4 Kd3 69. Kf3 Rf5# 0-1

[Event "ICS Rated blitz match"]
[Site "204.178.125.65"]
[Date "2000.01.30"]
[Round "?"]
[White "Hossa"]
[Black "michiguel"]
[Result "1-0"]
[WhiteElo "2330"]
[BlackElo "2033"]
[PlyCount "91"]

1. d4 e6 2. c4 f5 3. Nc3 Nf6 4. Nf3 Bb4 5. Qb3 Bxc3+ 6. bxc3 O-O 7. e3 d6 8.
Ba3 b6 9. Be2 c5 10. Rd1 Qe7 11. O-O Nc6 12. Rb1 Na5 13. Qb5 Bd7 14. Qb2 Bc6
15. Nd2 e5 16. Nb3 Nb7 17. Rbe1 Ne4 18. Bd3 Rf6 19. f3 Ng5 20. Bb1 Nf7 21. Rf2
Kh8 22. Qe2 Rg8 23. f4 e4 24. Qh5 Rh6 25. Qxf5 Bd7 26. Qxe4 Qh4 27. g3 Qh3 28.
Qxb7 Be6 29. d5 Bg4 30. Qxf7 Rf6 31. Qxa7 h5 32. Bd3 h4 33. Bf1 hxg3 34. Bxh3
gxf2+ 35. Kxf2 Bxh3 36. Qxb6 Rh6 37. Bxc5 Bf5 38. Bxd6 Rxh2+ 39. Kg3 Rh3+ 40.
Kg2 Rh6 41. Nd2 Bh7 42. Rh1 Rg6+ 43. Kf3 Rf6 44. Qb1 Rg6 45. Qxg6 Rb8 46. Qxh7#
1-0

[Event "ICS rated blitz match"]
[Site "204.178.125.65"]
[Date "2000.01.30"]
[Round "?"]
[White "Hossa"]
[Black "Zippy"]
[Result "0-1"]
[WhiteElo "2316"]
[BlackElo "2229"]
[PlyCount "134"]

1. e4 c5 2. c3 Nf6 3. e5 Nd5 4. d4 Nc6 5. dxc5 e6 6. Nf3 Bxc5 7. b4 Be7 8. b5
Na5 9. c4 Nb6 10. Qd4 d5 11. cxd5 Nxd5 12. Be2 Bd7 13. O-O O-O 14. Bd2 a6 15.
bxa6 bxa6 16. Nc3 Nc6 17. Qg4 g6 18. Rfc1 Ba3 19. Rcb1 Qc7 20. Qc4 Bb4 21. Rd1
Bxc3 22. Bxc3 Rfc8 23. Bb2 Qd8 24. Qg4 Rab8 25. Rd2 Rb4 26. Qg3 Rcb8 27. Ba3
Rb1+ 28. Rxb1 Rxb1+ 29. Bf1 Qa5 30. Rd3 Nc3 31. Re3 Qxa3 32. Nd2 Rc1 33. Nb3
Rxf1+ 34. Kxf1 Nd5 35. Re2 Ncb4 36. Rd2 Nxa2 37. Rc2 Kg7 38. Nd4 Qb4 39. f4
Qxd4 40. Rxa2 Nc3 41. Ra5 Qc4+ 42. Kg1 Ne2+ 43. Kf2 Nxg3 44. hxg3 Qd4+ 45. Ke2
Qb2+ 46. Kd3 Qb3+ 47. Ke2 Qc2+ 48. Kf1 Qd1+ 49. Kf2 Qd2+ 50. Kf1 Qxa5 51. Ke2
Qa2+ 52. Ke3 Qxg2 53. g4 Qxg4 54. Ke4 g5 55. Kd3 Qxf4 56. Kc3 Qg3+ 57. Kd2 Qxe5
58. Kd3 Bb5+ 59. Kc2 Qe4+ 60. Kb2 g4 61. Kb3 g3 62. Kc3 Qd3+ 63. Kb4 g2 64. Ka5
Qd2+ 65. Kb6 g1=Q+ 66. Kb7 Qd7+ 67. Kb8 Qga7# 0-1

[Event "ICS rated blitz match"]
[Site "204.178.125.65"]
[Date "2000.01.30"]
[Round "?"]
[White "Zippy"]
[Black "Hossa"]
[Result "1-0"]
[WhiteElo "2249"]
[BlackElo "2296"]
[PlyCount "209"]

1. e4 c5 2. f4 d5 3. exd5 Nf6 4. Bb5+ Bd7 5. Bxd7+ Qxd7 6. c4 e6 7. Qe2 Be7 8.
dxe6 Qxe6 9. Qxe6 fxe6 10. Nf3 Nc6 11. Nc3 O-O 12. O-O Bd6 13. d3 Nb4 14. g3
Rad8 15. Rd1 Bb8 16. Ne1 b6 17. a3 Nc6 18. b4 cxb4 19. axb4 Nxb4 20. Ba3 a5 21.
Na2 Nxa2 22. Bxf8 Nc3 23. Rd2 Kxf8 24. Rc2 Bd6 25. Rxc3 Bc5+ 26. Kg2 Bd4 27.
Rca3 Bxa1 28. Rxa1 Rc8 29. Kf3 Nd7 30. Ke4 Ke7 31. Nf3 h5 32. Kd4 Kd6 33. Re1
a4 34. Ng5 Nf8 35. Ra1 Ra8 36. Kc3 h4 37. Kb4 hxg3 38. hxg3 Ke7 39. Rxa4 Rd8
40. Kc3 Nd7 41. Ra7 Rf8 42. d4 Kd6 43. Kd3 Rf5 44. Ke3 Ke7 45. Ne4 Ra5 46. Rb7
Ra3+ 47. Ke2 Kd8 48. g4 Ra2+ 49. Kd3 Ra1 50. Nd6 Rd1+ 51. Ke3 Re1+ 52. Kf3 Rd1
53. Nb5 Rb1 54. Ke4 g6 55. Kd3 Rg1 56. g5 Re1 57. Nd6 Rd1+ 58. Ke4 Re1+ 59. Kf3
Rd1 60. Ke3 Ra1 61. Ke2 Rh1 62. Nf7+ Kc8 63. Ra7 Rh3 64. Kd2 Rh2+ 65. Kd3 Rh3+
66. Ke4 Rh2 67. Ke3 Rh3+ 68. Ke2 Rh7 69. Nd6+ Kd8 70. Ke3 Ke7 71. Nb5 Rh1 72.
Rc7 Re1+ 73. Kf3 Rf1+ 74. Kg3 Rg1+ 75. Kf2 Rg4 76. Kf3 Rg1 77. Ke2 Rg2+ 78. Kd3
Rg4 79. Ke4 Rg1 80. Nc3 Re1+ 81. Kf3 Rf1+ 82. Ke3 Re1+ 83. Kf2 Rc1 84. Nb5 Rc2+
85. Ke3 Rb2 86. Ra7 Rb4 87. Kd3 Rb1 88. Rb7 Rf1 89. Na7 Kd6 90. Nc8+ Kc6 91.
Ra7 Rd1+ 92. Ke3 Nb8 93. Ne7+ Kd6 94. Rb7 Nd7 95. Nxg6 Re1+ 96. Kd2 Rg1 97. Ke2
Ra1 98. Ne5 Nf8 99. g6 Ra2+ 100. Ke3 Rg2 101. g7 Rxg7 102. Rxg7 b5 103. Kd3 b4
104. Ke4 Ng6 105. Rd7# 1-0

[Event "ICS rated blitz match"]
[Site "204.178.125.65"]
[Date "2000.01.30"]
[Round "?"]
[White "gambitmaster"]
[Black "Hossa"]
[Result "1-0"]
[WhiteElo "2489"]
[BlackElo "2278"]
[PlyCount "87"]

1. d4 d5 2. c4 e6 3. Nf3 dxc4 4. Qa4+ Nc6 5. Qxc4 Nf6 6. Bg5 h6 7. Bxf6 Qxf6 8.
Nc3 Bd7 9. e3 O-O-O 10. Be2 Na5 11. Qd3 Nc6 12. O-O e5 13. Ne4 Qf5 14. Rac1
exd4 15. Nxd4 Qg6 16. Bf3 Ne5 17. Qe2 Bb4 18. Nc5 Bxc5 19. Rxc5 Rhe8 20. Rfc1
c6 21. a4 Qd3 22. b4 Bf5 23. b5 Be4 24. Bxe4 Qxe4 25. bxc6 Nd3 26. cxb7+ Kxb7
27. Rb1+ Ka8 28. Nb5 a6 29. Nc7+ Ka7 30. Ra5 Re6 31. Nxe6 Qxe6 32. Qf3 Rd7 33.
e4 Qc4 34. Rd5 Nc5 35. Rxd7+ Nxd7 36. e5 Qc7 37. Qxf7 Qc6 38. e6 Qb5 39. Qxd7+
Kb6 40. Rxb5+ axb5 41. Qxb5+ Kc7 42. e7 Kd6 43. e8=Q g5 44. Qbe5# 1-0

[Event "ICS rated blitz match"]
[Site "204.178.125.65"]
[Date "2000.01.30"]
[Round "?"]
[White "Hossa"]
[Black "Tysonbot"]
[Result "0-1"]
[WhiteElo "2271"]
[BlackElo "2105"]
[PlyCount "128"]

1. e4 c5 2. Nf3 d6 3. d4 cxd4 4. Nxd4 Nf6 5. Nc3 a6 6. Bg5 e6 7. f4 Be7 8. Qf3
Qc7 9. O-O-O Nbd7 10. Bd3 b5 11. Bxf6 Nxf6 12. e5 Bb7 13. Qg3 dxe5 14. Ncxb5
Qb6 15. fxe5 Nh5 16. Qg4 axb5 17. Qxh5 Rxa2 18. Bxb5+ Kf8 19. Kb1 Qa7 20. Nb3
Bxg2 21. Rhg1 Be4 22. Rg3 Qa8 23. Rf1 Bf5 24. Bd3 g6 25. Qh6+ Kg8 26. Bxf5 exf5
27. Rxf5 Bf8 28. Qg5 Bg7 29. Rf2 Ra7 30. Rf1 h6 31. Qf4 Kh7 32. Rgf3 Rc8 33.
R3f2 Qc6 34. Qe3 Rac7 35. Nd4 Qd5 36. Re2 Re8 37. Nf3 Ra8 38. Qb3 Qa5 39. Qa3
Rca7 40. Kc1 Qb6 41. Qd6 Rd8 42. Kd2 Bxe5 43. Qxd8 Qxd8+ 44. Ke1 Qb6 45. Nxe5
Ra1+ 46. Kd2 Qa5+ 47. Kd3 Rxf1 48. b3 Qd5+ 49. Kc3 Qd1 50. Re3 Qa1+ 51. Kb4 Re1
52. Nc4 Rxe3 53. Nxe3 Qe1+ 54. c3 Qxe3 55. c4 Kg7 56. c5 Kf6 57. Kc4 Ke5 58. b4
Qf4+ 59. Kb5 Kd5 60. h3 Qb8+ 61. Ka5 Kc4 62. Ka6 Kxb4 63. c6 Kc5 64. h4 Qa8#
0-1

[Event "ICS rated standard match"]
[Site "204.178.125.65"]
[Date "2000.01.30"]
[Round "?"]
[White "Hossa"]
[Black "JudgeTurpin"]
[Result "0-1"]
[WhiteElo "2172"]
[BlackElo "2391"]
[PlyCount "113"]

1. e4 e5 2. Nf3 Nc6 3. Bb5 a6 4. Bxc6 dxc6 5. O-O f6 6. d4 Bg4 7. c3 Bd6 8.
Nbd2 Nh6 9. Qb3 b6 10. h3 Bh5 11. Qe6+ Qe7 12. Qxe7+ Kxe7 13. b3 Nf7 14. Nh4
Kd7 15. Nf5 g5 16. Nc4 exd4 17. cxd4 Bg6 18. Nfxd6 Nxd6 19. e5 Nxc4 20. bxc4
Bd3 21. Rd1 Bxc4 22. exf6 Rag8 23. Ba3 g4 24. hxg4 Rxg4 25. Be7 Rhg8 26. g3
R8g5 27. Rd2 Bd5 28. Rb1 Rh4 29. f3 Rxg3+ 30. Rg2 Rxf3 31. Re1 Rfh3 32. Bb4 c5
33. f7 Rf3 34. dxc5 Rxb4 35. Rd1 Kc6 36. cxb6 cxb6 37. a3 Rbf4 38. Rc2+ Rc4 39.
Rcd2 Bxf7 40. Rd6+ Kc5 41. Rd7 Rg4+ 42. Kh2 Rf2+ 43. Kh1 Bg6 44. Rc7+ Kb5 45.
Re1 Rf5 46. Rc2 Rh5+ 47. Rh2 Be4+ 48. Rxe4 Rxh2+ 49. Kxh2 Rxe4 50. Kg3 Re3+ 51.
Kf4 Rxa3 52. Ke5 Kc5 53. Ke4 b5 54. Ke5 Re3+ 55. Kf5 Kd5 56. Kf4 Re4+ 57. Kg3
0-1

[Event "ICS Rated blitz match"]
[Site "204.178.125.65"]
[Date "2000.01.30"]
[Round "?"]
[White "Tysonbot"]
[Black "Hossa"]
[Result "1-0"]
[WhiteElo "2161"]
[BlackElo "2250"]
[PlyCount "125"]

1. e4 e5 2. Nf3 Nc6 3. Bb5 Nge7 4. O-O g6 5. c3 Bg7 6. d4 a6 7. Bxc6 Nxc6 8. d5
Na7 9. Bg5 f6 10. Be3 d6 11. Re1 O-O 12. Qb3 f5 13. exf5 Rxf5 14. Nbd2 b6 15.
Ne4 h6 16. Qc4 b5 17. Qd3 Rf8 18. a4 Bg4 19. Bxa7 Rxa7 20. axb5 Bxf3 21. gxf3
a5 22. Ra4 Ra8 23. Rea1 Qd7 24. Rxa5 Rxa5 25. Rxa5 Qd8 26. c4 Rf5 27. Ra7 Qb8
28. Qa3 Rf8 29. Qa5 Rc8 30. Qa6 Rd8 31. Rb7 Qc8 32. Qc6 Kh8 33. Rxc7 Qf5 34.
Qb7 Rg8 35. Rf7 Qh5 36. Rxg7 Rxg7 37. Qc8+ Rg8 38. Qxg8+ Kxg8 39. Nf6+ Kf8 40.
Nxh5 Ke7 41. b6 Kd8 42. b4 gxh5 43. c5 h4 44. f4 exf4 45. Kg2 Kc8 46. Kf3 Kb7
47. Kxf4 dxc5 48. bxc5 h3 49. Kg3 h5 50. Kxh3 h4 51. Kxh4 Ka6 52. Kg5 Kb7 53.
h4 Ka6 54. h5 Kb5 55. h6 Kxc5 56. b7 Kd4 57. b8=Q Kc4 58. d6 Kc5 59. d7 Kd4 60.
d8=Q+ Kc3 61. Qbc7+ Kb3 62. Qdb8+ Ka4 63. Qca7# 1-0

[Event "ICS unrated blitz match"]
[Site "204.178.125.65"]
[Date "2000.01.30"]
[Round "?"]
[White "Yobes"]
[Black "Hossa"]
[Result "1-0"]
[WhiteElo "1872"]
[BlackElo "2230"]
[PlyCount "41"]

1. e4 e5 2. Nf3 Nc6 3. Bb5 a6 4. Ba4 d6 5. d4 b5 6. Bb3 Bb7 7. c3 exd4 8. cxd4
Nf6 9. Bg5 Na5 10. Bc2 h6 11. Bxf6 Qxf6 12. O-O Be7 13. b4 Nc4 14. Nbd2 O-O 15.
Nxc4 bxc4 16. Re1 d5 17. Qd2 c6 18. Rac1 Rab8 19. Re3 Ba8 20. a3 Rfe8 21. Rce1
1-0

[Event "ICS unrated blitz match"]
[Site "204.178.125.65"]
[Date "2000.01.30"]
[Round "?"]
[White "Yobes"]
[Black "Hossa"]
[Result "1-0"]
[WhiteElo "1872"]
[BlackElo "2230"]
[PlyCount "21"]

1. e4 e5 2. Nf3 Nc6 3. Bb5 Nf6 4. O-O Bc5 5. c3 O-O 6. d4 Bb6 7. Re1 exd4 8. e5
Ne8 9. cxd4 d6 10. Bg5 f6 11. exf6 1-0

[Event "ICS Unrated blitz match"]
[Site "204.178.125.65"]
[Date "2000.01.30"]
[Round "?"]
[White "Yobes"]
[Black "Hossa"]
[Result "1/2-1/2"]
[WhiteElo "1872"]
[BlackElo "2230"]
[PlyCount "44"]

1. e4 e5 2. Nf3 Nc6 3. Bb5 Nf6 4. O-O Bc5 5. c3 O-O 6. d4 Bb6 7. d5 Ne7 8. Qe2
c6 9. d6 cxb5 10. dxe7 Qxe7 11. Bg5 a6 12. Rd1 d6 13. c4 bxc4 14. Nc3 Be6 15.
Bxf6 gxf6 16. Nd5 Bxd5 17. Rxd5 f5 18. exf5 Rac8 19. Rc1 Rfd8 20. Qe4 Qf6 21.
g4 Qg7 22. Rxc4 Rc6 1/2-1/2

[Event "ICS rated standard match"]
[Site "204.178.125.65"]
[Date "2000.01.30"]
[Round "?"]
[White "Hossa"]
[Black "EXchess"]
[Result "1-0"]
[WhiteElo "2165"]
[BlackElo "2262"]
[PlyCount "147"]

1. e4 e5 2. Nf3 Nc6 3. Bb5 a6 4. Ba4 Nf6 5. O-O Be7 6. c3 d6 7. d4 Bd7 8. Bc2
Bg4 9. d5 Nb8 10. c4 Nbd7 11. Nc3 O-O 12. a4 a5 13. Be3 Nb6 14. b3 Re8 15. Qe2
Nbd7 16. Rfe1 Nb8 17. Rac1 Na6 18. Bd1 Nb4 19. Qd2 Bh5 20. Ng5 Bg6 21. Bf3 Nd7
22. Rcd1 Nc5 23. Bxc5 dxc5 24. Nh3 Bh4 25. Qe2 Be7 26. Bh5 Nc2 27. Bxg6 Nxe1
28. Bh5 g6 29. Bg4 h5 30. Bxh5 Nxg2 31. Kxg2 gxh5 32. Qxh5 Ra6 33. Kh1 Rg6 34.
Rf1 Bf6 35. f4 Qe7 36. f5 Rg7 37. Nb5 Rh7 38. Rg1+ Kh8 39. Qg4 Qd7 40. Nf2 c6
41. Nc3 b6 42. Qf3 Bh4 43. f6 Bxf2 44. Qxf2 Rc8 45. Rg3 Rf8 46. dxc6 Qxc6 47.
Nd5 Qd7 48. Qg1 Rd8 49. Ne7 Qe8 50. Rg5 Qf8 51. Qg4 Re8 52. Rxe5 b5 53. Rh5
Rxe7 54. Rxh7+ Kxh7 55. Qh5+ Kg8 56. Qg5+ Kh7 57. fxe7 Qe8 58. axb5 a4 59. bxa4
Kh8 60. Qh6+ Kg8 61. Qd6 f6 62. Qxf6 Qf7 63. Qxf7+ Kxf7 64. b6 Kxe7 65. b7 Ke8
66. b8=Q+ Kd7 67. Kg2 Ke6 68. Qe8+ Kf6 69. e5+ Kg7 70. Kf3 Kh7 71. Kf4 Kg7 72.
Kg5 Kh7 73. Kf6 Kh6 74. Qh8# 1-0